Copak je to za znamení na obloze nebeskej-- /

Hlavní autor: Drápala, Daniel, 1976-
Jazyk: Čeština
Vydáno: [Karolinka] : Informační centrum Zvonice Soláň, 2013
Témata:
Fyzický popis: 7 s. ; 15 x 21 cm
Knihy
Uloženo v:
LEADER 01581nam a2200457 a 4500
001 nkc20132502119
003 CZ PrNK
005 20140428120013.0
007 ta
008 140210s2013 xr a e f 000 0 cze
015 |a cnb002502119 
020 |a 978-80-260-5093-3  |q (brož.) 
035 |a (OCoLC)872338057 
040 |a ABA001  |b cze 
043 |a e-xr---  |b e-xr-mr  |2 czenas 
072 7 |a 398  |x Folklor. Lidové tradice  |2 Konspekt  |9 1 
080 |a 398.332.414  |2 MRF 
080 |a 398.332.416  |2 MRF 
080 |a 398.3  |2 MRF 
080 |a (437.32-18)  |2 MRF 
080 |a (036)  |2 MRF 
100 1 |a Drápala, Daniel,  |d 1976-  |7 xx0025944  |4 aut 
245 1 0 |a Copak je to za znamení na obloze nebeskej-- /  |c Daniel Drápala 
260 |a [Karolinka] :  |b Informační centrum Zvonice Soláň,  |c 2013 
300 |a 7 s. ;  |c 15 x 21 cm 
500 |a Název z obálky 
650 0 7 |a adventní zvyky  |7 ph137512  |z Česko  |2 czenas 
650 0 7 |a vánoční zvyky  |7 ph137511  |z Česko  |2 czenas 
650 0 7 |a lidové zvyky  |7 ph137518  |z Česko  |2 czenas 
650 0 9 |a advent customs  |z Czechia  |2 eczenas 
650 0 9 |a Christmas customs  |z Czechia  |2 eczenas 
650 0 9 |a folk customs  |z Czechia  |2 eczenas 
651 7 |a Valašsko (Česko)  |7 ge131229  |2 czenas 
651 9 |a Valašsko (Czechia)  |2 eczenas 
655 7 |a informační publikace  |7 fd132454  |2 czenas 
655 9 |a information publications  |2 eczenas 
910 2 |a BOA001  |b 2-1324.285 
990 |a BK 
995 |a 01 
991 |b 201404  |c NOV  |e n 
996 6 |b 2610588167  |c 2-1324.285  |l MZK  |r Sklad / do 1 hodiny  |n 0  |p p.v.  |w 001415854  |u 000010  |a 1  |e BOA001  |j MZK50  |s P